Statistics for 2022 Best Boarding High Schools in America

Click here to take the quiz!

General Stats

  • This quiz has been taken 132 times
  • The average score is 7 of 25

Answer Stats

RankingLocationSchool% Correct
1A, MAPhillips Academy Andover
75%
5E, NHPhillips Exeter Academy
69%
3Wallingford, CTChoate Rosemary Hall
47%
6L, NJThe Lawrenceville School
44%
4G, MAGroton School
42%
9D, MADeerfield Academy
41%
17P, NJPrinceton International School of Math and Science
36%
2Lakeville, CTThe Hotchkiss School
36%
7Concord, NHSt. Paul's School
31%
12M, MAMilton Academy
28%
19LF, ILLake Forest Academy
26%
11Windsor, CTThe Loomis Chaffee School
24%
13Carpinteria, CACate School
22%
10C, MAConcord Academy
22%
15Concord, MAMiddlesex School
19%
21Hightstown, NJPeddie School
19%
14Bloomfield Hills, MICranbrook Schools
18%
20Middletown, DESt. Andrew's School
17%
18Southborough, MASt. Mark's School
16%
16Ojai, CAThe Thacher School
16%
22M, PAMercersburg Academy
15%
8Dedham, MANoble and Greenough School
15%
23Washington, DCSt. Albans School
11%
24Tarrytown, NYHackley School
10%
25Claremont, CAThe Webb Schools
8%

Score Distribution

Percentile by Number Answered

Percent of People with Each Score

Your Score History

You have not taken this quiz